| 000 | 01277nmm a2200313 a 4500 | ||
|---|---|---|---|
| 001 | ocm0002146983 | ||
| 003 | TR-IsHL | ||
| 005 | 20201028183019.0 | ||
| 008 | 190227s1999 tu tur | ||
| 007 | cr cn | ||
| 035 |
_a2146983 _b(N$T) |
||
| 050 | 0 | 4 |
_aJX1352 _b.A87 1999 |
| 090 | 0 | 4 |
_aJX1352 _b.A87 1999 |
| 245 | 1 | 0 |
_aAvrasya dosyası: üç aylık uluslararası ilişkiler ve stratejik araştırmalar dergisi: İsrail özel _h[electronic resource] / _ceditör Doç. Dr. Ümit Özdağ |
| 260 |
_aAnkara : _bAvrasya-Bir Vakfı, _c1999 |
||
| 300 | _a372 p. | ||
| 500 | _ailkbahar 1999. Cilt ; 5. Sayı ; 1. | ||
| 650 | 4 | _aMedya ve İletişim | |
| 650 | 4 | _aCommunication & Media | |
| 650 | 0 |
_aUluslararası ilişkiler _x Süreli yayınlar |
|
| 650 | 0 |
_aInternational relations _x Periodicals |
|
| 650 | 0 |
_aTürkiye _x Uluslararası ilişkiler _x Süreli yayınlar |
|
| 650 | 0 |
_aTurkey _x Foreign relations _x Periodicals |
|
| 650 | 0 |
_aSiyasal Bilimler _x Uluslararası İlişkiler |
|
| 650 | 0 |
_aPolitical Science _x International Relations |
|
| 650 | 7 |
_aPOLITICAL SCIENCE / International Relations / General _2bisacsh |
|
| 700 | 1 | _aÖzdağ, Ümit | |
| 856 | 4 | 0 | _uhttp://search.ebscohost.com/login.aspx?direct=true&scope=site&db=e011xww&AN=2146983 |
| 999 |
_c20337 _d20337 |
||